LEADER 01121nam0-22002891i-450- 001 990000082820403321 035 $a000008282 035 $aFED01000008282 035 $a(Aleph)000008282FED01 035 $a000008282 100 $a20011111d--------km-y0itay50------ba 101 0 $aita 105 $ay-------001yy 200 1 $aOsservazioni e note sul terremoto calabro-siculo del 28 dicembre 1908 e sul modo di resistere degli edifici inmuratura contro gli urti sismici$eproposta di una nuova forma di materiale laterizio per costruire di muri monolitici asismici$fFrancesco Pisani. 210 $aIn Pisa$cDalla tipografia O. Prosperi$d1911 215 $a47 p.$cill.$d24 cm 610 0 $aCostruzioni antisismiche 676 $a693.852 700 1$aPisani,$bFrancesco$05608 801 0$aIT$bUNINA$gRICA$2UNIMARC 901 $aBK 912 $a990000082820403321 952 $a13 N 13 07$b508$fFINBC 959 $aFINBC 996 $aOsservazioni e note sul terremoto calabro-siculo del 28 dicembre 1908 e sul modo di resistere degli edifici inmuratura contro gli urti sismici$9110101 997 $aUNINA DB $aING01 LEADER 01151nam0 22003013i 450 001 RCA0077245 005 20231121125647.0 010 $a8842203548 100 $a20140701d1992 ||||0itac50 ba 101 | $aita 102 $ait 181 1$6z01$ai $bxxxe 182 1$6z01$an 200 1 $aGiorno per giorno nella pittura$escritti sull'arte dell'Italia centrale e meridionale dal trecento al primo cinquecento$fFederico Zeri 210 $aTorino$cUmberto Allemandi & C.$dc1992 215 $a504 p.$cill.$d31 cm. 225 | $aArchivi di arte antica 410 0$1001CFI0124844$12001 $aArchivi di arte antica 606 $aPittura$xItalia centro-meridionale$xSec. 14.-16.$2FIR$3LO1C565372$9I 700 1$aZeri$b, Federico$3CFIV004910$4070$038253 801 3$aIT$bIT-01$c20140701 850 $aIT-FR0017 899 $aBiblioteca umanistica Giorgio Aprea$bFR0017 $eN 912 $aRCA0077245 950 0$aBiblioteca umanistica Giorgio Aprea$d 52SALA BRAGAS.A. 166$e 52ATE0000020895 VMN RS $fA $h20140701$i20140701 977 $a 52 996 $aGiorno per giorno nella pittura$993307 997 $aUNICAS